French Castles by Images - Statistics

General Stats
  • This quiz has been taken 27 times
  • The average score is 4 of 16
Answer Stats
Picture Answer % Correct
Versailles
100%
Chambord
64%
Chenonceau
60%
Cheverny
32%
Villandry
32%
Fougeres
24%
Saumur
24%
Beynac
12%
Chateaudun
12%
Maintenon
12%
Rambures
8%
Bazoches
4%
Royal dAmboise
4%
Balleroy
0%
Beaumesnil
0%
Dissay
0%
No matching quizzes found
Score Distribution
Percent of People with Each Score
Percentile by Number Answered
Your Score History
You have not taken this quiz